En la linea del riesgo : encuesta de vigilancia conductual /

में बचाया:
ग्रंथसूची विवरण
निगमित लेखक: Fundacion Xochiquetzal
स्वरूप: पुस्तक
भाषा:अंग्रेज़ी
स्पेनिश
प्रकाशित: Managua, Nicaragua : Fundacion Xochiquetzal, [2000]
टैग: टैग जोड़ें
कोई टैग नहीं, इस रिकॉर्ड को टैग करने वाले पहले व्यक्ति बनें!

MARC

LEADER 00000nam0a22000003i 4500
001 IT\ICCU\UBO\3642013
003 ItRI
005 20260105141007.0
008 260105b |||||||| |||| 00| 0 eng d
020 |a 9992400846 
040 |c ct 
041 |a spa 
110 |a Fundacion Xochiquetzal 
245 |a En la linea del riesgo :  |b encuesta de vigilancia conductual /  |c Fundacion Xochiquetzal 
260 |a Managua, Nicaragua :  |b Fundacion Xochiquetzal,  |c [2000] 
300 |a 71 p.  |b ill.  |c 24 cm. 
942 |2 ddc  |c BK  |n 0 
952 |0 0  |1 0  |2 ddc  |4 0  |6 A_616_979000000000000_FUN  |7 0  |9 10094  |a BO  |b BO  |d 2026-01-05  |i 5950  |l 0  |o A 616.979 FUN  |p BO5950  |r 2026-01-05 13:56:49  |w 2026-01-05  |x Codice Sebina 5  |y BK  |z 1 v. 
999 |c 8411  |d 8411